header

Evangelicals and culture (Record no. 47327)

MARC details
000 -LEADER
fixed length control field 01365nam a2200337Ia 4500
100 1# - MAIN ENTRY--AUTHOR NAME
Personal name Rosman, Doreen M.
245 10 - TITLE STATEMENT
Title Evangelicals and culture
250 ## - EDITION STATEMENT
Edition statement 2nd ed.
260 ## - PUBLICATION, DISTRIBUTION, ETC. (IMPRINT)
Place of publication Cambridge, U.K. :
Name of publisher James Clarke & Co.,
Year of publication 2012, c2011.
300 ## - PHYSICAL DESCRIPTION
Number of Pages viii, 187 p.
650 #0 - SUBJECT ADDED ENTRY--TOPICAL TERM
Topical Term Evangelicalism
Topical Term Evangelicalism
Topical Term Christianity and culture.
856 40 - ELECTRONIC LOCATION AND ACCESS
Uniform Resource Identifier http://site.ebrary.com/lib/rucke/Doc?id=10634107

No items available.

© 2026 Rongo University
Contact us: librarian | system librarian | Rongo university